000
00291nam a22001337a 4500
008
181203b xxu||||| |||| 00| 0 eng d
020
_a
9780131717695
041
_a
eng
080
_a
321
100
_a
21
101
_a
POL
245
_a
Constsitutional Values
_c
Hall.D.E
942
_2
udc
_c
BK
999
_c
52707
_d
52707